Hunderassen erkennen: Terrier - Statistiken

Allgemein
  • Dieses Quiz wurde 75 mal gespielt
  • Das Durchschnittsergebnis liegt bei 10 aus 34
Antwortstatistiken
Bildquiz Antwort % Korrekt
Yorkshire Terrier
78%
Bull Terrier
70%
Jack Russell Terrier
59%
Airedale Terrier
57%
West Highland White Terrier
50%
Scottish Terrier
46%
Irish Terrier
43%
American Staffordshire Terrier
37%
Bedlington Terrier
35%
Cairn Terrier
33%
Fox Terrier (Drahthaar)
33%
Norfolk Terrier
33%
Staffordshire Bull Terrier
33%
Fox Terrier (Glatthaar)
30%
Parson Russell Terrier
30%
Border Terrier
28%
Miniature Bull Terrier
28%
Australian Terrier
24%
Kerry Blue Terrier
22%
Manchester Terrier
22%
Skye Terrier
22%
Norwich Terrier
20%
Welsh Terrier
20%
Australian Silky Terrier
15%
Irish Soft Coated Wheaten Terrier
15%
Lakeland Terrier
15%
Japanischer Terrier
13%
Deutscher Jagdterrier
11%
English Toy Terrier
11%
Tschechischer Terrier
11%
Dandie Dinmont Terrier
9%
Irish Glen of Imaal Terrier
9%
Terrier Brasileiro
9%
Sealyham Terrier
7%
Keine übereinstimmenden Quizze gefunden
Verteilung der Resultate
Anzahl Personen mit jedem Resultat
Perzentil nach korrekt beantworteten Fragen
Ihre Resultats-Entwicklung
Sie haben dieses Quiz noch nicht gespielt